[Event "Open A"]
[Site "Pardubice CZE"]
[Date "2005.07.24"]
[Round "3"]
[White "Bujak,M"]
[Black "Melnikova,Y"]
[Result "0-1"]
[WhiteElo "2180"]
[BlackElo "2331"]

1.e4 c5 2.Nf3 Nc6 3.d4 cxd4 4.Nxd4 Nf6 5.Nc3 d6 6.Bg5 Qb6 7.Nb3 e6 8.Be2 Be7
9.Qd2 O-O 10.Bxf6 Bxf6 11.Qxd6 Rd8 12.Qg3 a5 13.a4 Be5 14.f4 Nb4 15.Bd1 Bb8
16.Rf1 Qc7 17.Rf2 Bd7 18.e5 Ba7 19.Rd2 Qb6 20.Ne2 Bc6 21.c3 Rxd2 22.Nxd2 Nd3+
23.Kf1 Qxb2 24.Qxd3 Qxa1 25.Nb3 Qxa4 26.Nbd4 Be4 27.Qd2 Qc4  0-1

[Event "MTO Open"]
[Site "Biel SUI"]
[Date "2005.07.25"]
[Round "7"]
[White "Peschlow,P"]
[Black "Benkovic,P"]
[Result "0-1"]
[WhiteElo "2318"]
[BlackElo "2431"]

1.e4 c5 2.Nf3 Nc6 3.d4 cxd4 4.Nxd4 Nf6 5.Nc3 d6 6.Bg5 Qb6 7.Be3 a6 8.Nxc6 Qxc6
9.Nd5 e6 10.Nb6 Rb8 11.f3 Nd7 12.Nxc8 Rxc8 13.Bd3 Be7 14.Qd2 O-O 15.O-O Bf6
16.c3 Ne5 17.Bd4 Nd7 18.Bc2 Bxd4+ 19.Qxd4 Qb6 20.Qxb6 Nxb6 21.Bb3 Rfd8 22.Rad1 Kf8
23.Rd4 a5 24.Rfd1 Ke7 25.a3 Rc5 26.R1d2 g5 27.Kf2 Nc8 28.Rc4 b6 29.Ke3 Rd7
30.Rxc5 bxc5 31.Bc4 Rc7 32.g3 Nb6 33.Bb3 Rc8 34.c4 Rb8 35.Kd3 Nd7 36.Kc3 Ne5
37.f4 Nf3 38.Rf2 Nd4 39.Bd1 gxf4 40.Rxf4 Nc6 41.Rh4 Rh8 42.Ba4 Ne5 43.Bd1 Kf6
44.b4 axb4+ 45.axb4 cxb4+ 46.Kxb4 Kg6 47.Bh5+ Kg7 48.Be2 Rb8+ 49.Kc3 Rb1
50.Rf4 Ra1 51.Kb2 Re1 52.Rf2 Kf8 53.Kc2 Ke7 54.Kc3 Ra1 55.Kb2 Rh1 56.Kc2 Re1
57.Kc3 Nd7 58.Bd3 Nc5 59.e5 dxe5 60.Bxh7 f5 61.Ra2 Rc1+ 62.Kb4 Nd3+ 63.Kb3 e4
64.Rc2 Rb1+ 65.Kc3 Nc5 66.Kd4 Kd6 67.Ra2 Rb3  0-1

[Event "Open A"]
[Site "Pardubice CZE"]
[Date "2005.07.26"]
[Round "5"]
[White "Manik,M"]
[Black "Malinovsky,K"]
[Result "1/2-1/2"]
[WhiteElo "2485"]
[BlackElo "2309"]

1.e4 c5 2.Nf3 d6 3.d4 cxd4 4.Nxd4 Nf6 5.Nc3 Nc6 6.Bg5 Bd7 7.Qd2 Rc8 8.f4 h6
9.Bh4 Nxd4 10.Qxd4 Qb6 11.Qxb6 axb6 12.Bf2 Bc6 13.Bd3 Nd7 14.b4 g5 15.Rb1 Bg7
16.Rb3 f5 17.exf5 gxf4 18.Ne2 Be5 19.Rg1 Rg8 20.g3 fxg3 21.Bxg3 Ra8 22.Nc3 Bd4
23.Rf1 Bg2 24.Nb5 Bxf1 25.Kxf1 Bf6 26.Nc7+ Kf7 27.Bc4+ Kg7 28.Nxa8 Rxa8 29.Bf2 Ne5
30.Bd5 b5 31.Bd4 Kh7 32.Rg3 Nc4 33.Bxf6 exf6 34.Rc3 Rxa2 35.Bxc4 bxc4 36.Rxc4 b5
37.Rc7+ Kg8 38.Kg1 Kf8 39.Rd7 Rxc2 40.Rxd6 Rb2 41.Rxf6+ Kg7 42.Rg6+ Kf7 43.Rg4 Kf6
44.Rf4 Rd2 45.h3  1/2-1/2

[Event "Open A"]
[Site "Pardubice CZE"]
[Date "2005.07.26"]
[Round "5"]
[White "Aliavdin,N"]
[Black "Jankovic,A"]
[Result "1/2-1/2"]
[WhiteElo "2349"]
[BlackElo "2475"]

1.e4 c5 2.Nf3 d6 3.d4 cxd4 4.Nxd4 Nf6 5.Nc3 Nc6 6.Bg5 e6 7.Qd2 a6 8.O-O-O Bd7
9.f4 b5 10.Nxc6 Bxc6 11.Qe3 Be7 12.Bxf6 Bxf6 13.e5 Be7 14.Ne4 d5 15.Ng5 a5
16.Bd3 a4 17.Nxh7 a3 18.b3 Qa5 19.Qd4 b4 20.Qe3 Bc5 21.Qg3 Qa7 22.Rdf1 Rxh7
23.Bxh7 Be3+ 24.Kd1 g6 25.Bxg6 fxg6 26.Qxg6+ Qf7 27.f5 Qxg6 28.fxg6 d4 29.Rf7 Bxg2
30.Re1 Ra5 31.Rf6 Ke7 32.Rf7+ Ke8 33.Rf6 Ke7 34.Rf7+  1/2-1/2

[Event "Open A"]
[Site "Pardubice CZE"]
[Date "2005.07.26"]
[Round "5"]
[White "Filipenko,A"]
[Black "Cvek,R"]
[Result "0-1"]
[WhiteElo "2380"]
[BlackElo "2479"]

1.e4 c5 2.Ne2 Nc6 3.d4 cxd4 4.Nxd4 Nf6 5.Nc3 d6 6.Bg5 e6 7.Qd2 a6 8.O-O-O h6
9.Nxc6 bxc6 10.Bf4 d5 11.Qe3 Bb4 12.a3 Bxc3 13.Qxc3 Nxe4 14.Qxg7 Qf6 15.Qxf6 Nxf6
16.Be5 Ke7 17.Rd3 Rg8 18.Rg3 Bd7 19.Rxg8 Nxg8 20.Bd4 Kd6 21.b4 e5 22.Bc5+ Ke6
23.g3 f5 24.Bh3 Nf6 25.f3 a5 26.Re1 axb4 27.Bxb4 h5 28.Kd2 Bc8 29.Bc3 Nd7
30.g4 hxg4 31.fxg4 Rxa3 32.gxf5+ Kf6 33.Bg4 Ra4 34.Rg1 Nc5 35.Bf3 Bxf5 36.Rg8 d4
37.Rf8+ Ke6 38.Bb2 Ra2 39.Kc1 Na4 40.Bxc6 Nxb2 41.Kb1 Ra6 42.Bb7 Bxc2+ 43.Kxc2 Rb6
44.Be4 Nc4 45.Rh8 Ne3+ 46.Kd3 Rb3+ 47.Kd2 Nc4+ 48.Kc2 Rc3+ 49.Kd1 d3 50.Rh6+ Ke7
51.Rh3 Nb2+ 52.Ke1 d2+  0-1

[Event "MTO Open"]
[Site "Biel SUI"]
[Date "2005.07.27"]
[Round "9"]
[White "Widmer,S"]
[Black "Allemann,A"]
[Result "0-1"]
[WhiteElo "2189"]
[BlackElo "2260"]

1.e4 c5 2.Nf3 d6 3.d4 cxd4 4.Nxd4 Nf6 5.Nc3 Nc6 6.Bg5 e6 7.Qd2 a6 8.O-O-O h6
9.Be3 Bd7 10.f4 b5 11.Bd3 Be7 12.h3 Nxd4 13.Bxd4 b4 14.Ne2 e5 15.Be3 Qa5
16.Kb1 O-O 17.g4 Be6 18.b3 d5 19.f5 dxe4 20.fxe6 exd3 21.exf7+ Kxf7 22.Qxd3 Qb5
23.Ng3 Qxd3 24.Rxd3 Rfd8 25.Rhd1 Rxd3 26.Rxd3 Ke6 27.Nf5 Bf8 28.Bc1 h5 29.Ne3 Bc5
30.Nc4 hxg4 31.hxg4 Rh8 32.Be3 Bxe3 33.Nxe3 g6 34.c3 Rh3 35.Kc2 e4 36.Rd4 Rxe3
37.Rxb4 Nxg4 38.Kd2 Rd3+  0-1

[Event "Open A"]
[Site "Pardubice CZE"]
[Date "2005.07.28"]
[Round "7"]
[White "Ismagambetov,A2"]
[Black "Cvek,R"]
[Result "0-1"]
[WhiteElo "2408"]
[BlackElo "2479"]

1.e4 c5 2.Nf3 Nc6 3.d4 cxd4 4.Nxd4 Nf6 5.Nc3 d6 6.Bg5 e6 7.Qd2 a6 8.O-O-O h6
9.Nxc6 bxc6 10.Bf4 d5 11.Qe3 Qa5 12.Be2 Bb4 13.Be5 Be7 14.f4 O-O 15.Qg3 Ne8
16.f5 dxe4 17.Nxe4 exf5 18.Nd6 Bxd6 19.Rxd6 f4 20.Bxf4 Nxd6 21.Bxd6 Re8 22.Bf3 Bf5
23.Kb1 Qd2 24.Bf4 Qxc2+ 25.Ka1 Re6 26.Rc1 Qa4 27.Be5 Rg6 28.b3 Rxg3 29.bxa4 Rg6
30.Kb2 Re8 31.Bf4 Be4 32.Re1 Rge6 33.Bg4 f5 34.Bh5 g6 35.Bd1 g5 36.Bd2 Bxg2
37.Rg1 Bd5 38.Kc3 Re4 39.Bc2 Rc4+ 40.Kd3 Rh4 41.Kc3 Rh3+  0-1

[Event "Open A"]
[Site "Pardubice CZE"]
[Date "2005.07.28"]
[Round "7"]
[White "Filipenko,A"]
[Black "Jankovic,A"]
[Result "0-1"]
[WhiteElo "2380"]
[BlackElo "2475"]

1.e4 c5 2.Nf3 Nc6 3.d4 cxd4 4.Nxd4 Nf6 5.Nc3 d6 6.Bg5 e6 7.Qd2 a6 8.O-O-O Bd7
9.f3 Be7 10.Kb1 O-O 11.h4 Qb8 12.g4 Rc8 13.Nxc6 Bxc6 14.Bf4 b5 15.Bxd6 Bxd6
16.Qxd6 b4 17.Qxb8 Raxb8 18.Bxa6 bxc3 19.Bxc8 Rxc8 20.g5 Nd7 21.b3 Ne5 22.Rh3 Ng6
23.f4 Bxe4 24.h5 Bf5 25.Rg3 Nxf4 26.Rxc3 Re8 27.a4 e5 28.a5 e4 29.a6 Bg4
30.Rd6 Kf8 31.a7 Bf3 32.Rdc6 e3 33.Rc8 Ng2 34.Kb2 Rxc8 35.Rxc8+ Ke7 36.Rc3  0-1

[Event "Open A"]
[Site "Pardubice CZE"]
[Date "2005.07.28"]
[Round "7"]
[White "Aliavdin,N"]
[Black "Bakre,T"]
[Result "1/2-1/2"]
[WhiteElo "2349"]
[BlackElo "2467"]

1.e4 c5 2.Nf3 d6 3.d4 cxd4 4.Nxd4 Nf6 5.Nc3 Nc6 6.Bg5 e6 7.Qd2 Be7 8.O-O-O O-O
9.Nb3 Qb6 10.f3 Rd8 11.Nb5 Rd7 12.Qe1 a6 13.N5d4 Nxd4 14.Nxd4 Nd5 15.h4 Nb4
16.Kb1 Nc6 17.Nb3 Qd8 18.Bxe7 Qxe7 19.Qe3 Rd8 20.Qb6 e5 21.Bc4 Be6 22.Bd5 Rac8  1/2-1/2

[Event "Open A"]
[Site "Pardubice CZE"]
[Date "2005.07.30"]
[Round "9"]
[White "Haba,P"]
[Black "Bakre,T"]
[Result "1/2-1/2"]
[WhiteElo "2526"]
[BlackElo "2467"]

1.e4 c5 2.Nf3 d6 3.d4 cxd4 4.Nxd4 Nf6 5.Nc3 Nc6 6.Bg5 e6 7.Qd2 Be7 8.O-O-O O-O
9.f4 Nxd4 10.Qxd4 Qa5 11.Bc4 Bd7 12.e5 dxe5 13.fxe5 Bc6 14.Bd2 Nd7 15.Nd5 Qd8
16.Nxe7+ Qxe7 17.Rhe1 Rfd8 18.Qg4 Nf8 19.Bd3 Rd5 20.Be4 Rd7 21.Bb4 Rxd1+
22.Rxd1 Qc7 23.Bd6 Qb6 24.Bxc6 Qxc6 25.Qf3 Qxf3 26.gxf3 Rd8 27.Bxf8 Rxd1+
28.Kxd1 Kxf8 29.c4 f6 30.Ke2 Ke7 31.Kd3 Kd7 32.Kd4 Kc6 33.f4 a5 34.h4 Kb6
35.h5 Kc6 36.h6 gxh6 37.exf6 Kd7 38.b3 Ke8 39.a3 Kf7 40.b4 axb4 41.axb4 Kxf6
42.c5 h5 43.b5 h4 44.Ke3 h3 45.Kf2 e5 46.c6 bxc6 47.bxc6 e4 48.c7 e3+ 49.Kxe3  1/2-1/2

[Event "Proclient Cup GMB"]
[Site "Olomouc CZE"]
[Date "2005.08.03"]
[Round "1"]
[White "Radulski,J"]
[Black "Bakre,T"]
[Result "1/2-1/2"]
[WhiteElo "2502"]
[BlackElo "2467"]

1.e4 c5 2.Nf3 d6 3.d4 cxd4 4.Nxd4 Nf6 5.Nc3 Nc6 6.Bg5 e6 7.Qd2 Be7 8.Rd1 O-O
9.Be2 Nxd4 10.Qxd4 Qa5 11.Qd2 h6 12.Be3 b5 13.b4 Qxb4 14.O-O a6 15.a3 Qa5
16.e5 dxe5 17.Bf3 Rb8 18.Ba7 Bb7 19.Nd5 Qxa3 20.Ra1 Qd6 21.Bxb8 Rxb8 22.Nxf6+ gxf6
23.Qxd6 Bxd6 24.Bxb7 Rxb7 25.Rxa6 Be7 26.Rfa1 b4 27.Ra7 Rxa7 28.Rxa7 Bc5
29.Rc7 Bd4 30.Kf1 f5 31.f3 Bc3 32.Ke2 Kg7 33.Kd3 Kg6 34.Rc8 Be1 35.Rc4 Bc3
36.Ke2 Kf6 37.Kd1 Kg6 38.Kc1 Kg5 39.Kb1 h5 40.h4+ Kg6 41.Ka2 f4 42.Kb3 f5
43.Rc6 Kf6 44.Kc4 e4 45.Rc5 e5 46.Rc6+ Kg7 47.Re6 Kh7 48.Rd6 Kg7 49.Rd1 Kf6
50.Rg1 Ke6 51.Rf1 Kf6 52.Rd1  1/2-1/2

[Event "Open Dutch Championship"]
[Site "Dieren NED"]
[Date "2005.08.04"]
[Round "9"]
[White "Van Leent,D"]
[Black "Brandenburg,D"]
[Result "0-1"]
[WhiteElo "2261"]
[BlackElo "2371"]

1.e4 c5 2.Nf3 d6 3.d4 cxd4 4.Nxd4 Nf6 5.Nc3 Nc6 6.Bg5 e6 7.Qd2 a6 8.O-O-O Bd7
9.f3 Be7 10.Be3 h5 11.Nb3 b5 12.Bf4 Ne5 13.Kb1 Qc7 14.Bg5 b4 15.Ne2 a5 16.Ned4 Rb8
17.Bxf6 Bxf6 18.f4 Ng6 19.f5 Ne5 20.Nf3 exf5 21.Qxd6 Qxd6 22.Rxd6 fxe4 23.Nxe5 Bxe5
24.Rd5 Bc7 25.Nc5 Bc6 26.Na6 Bf4 27.Rxa5 Rb6 28.Rf5 Bd6 29.Bc4 f6 30.Nc5 g6
31.Nxe4 Bxe4 32.Rxf6 Rh7 33.Rd1 Kd7 34.g3 Bf5 35.Rf8 Bg4 36.Rd2 Re7 37.Rf1 Kc7
38.Rdf2 Bh3 39.Rd1 Bc5 40.Rfd2 Rf6 41.b3 Bg4 42.Rh1 Be3 43.Rd5 Bf3 44.Rf1 Bxd5
45.Rxf6 Bxc4 46.bxc4 Bd4 47.Rf1 Kc6 48.Kc1 Bc3 49.Kd1 Kc5  0-1

[Event "Agentura 64 Cup IMC"]
[Site "Olomouc CZE"]
[Date "2005.08.05"]
[Round "3"]
[White "Pitl,G"]
[Black "Groetz,H"]
[Result "1/2-1/2"]
[WhiteElo "2332"]
[BlackElo "2303"]

1.e4 c5 2.Nf3 d6 3.d4 cxd4 4.Nxd4 Nf6 5.Nc3 Nc6 6.Bg5 e6 7.Qd2 a6 8.O-O-O Bd7
9.f3 Be7 10.h4 h6 11.Be3 Nxd4 12.Qxd4 b5 13.Kb1 Rb8 14.g4 b4 15.Ne2 e5 16.Qd2 Be6
17.Ng3 Qa5 18.b3 d5 19.g5 hxg5 20.hxg5 Rxh1 21.Nxh1 d4 22.gxf6 dxe3 23.fxg7 exd2
24.g8=Q+ Bf8 25.Rxd2 Qc5 26.Qg5 Be7 27.Qg8+ Bf8 28.Qg5 Be7 29.Qg8+  1/2-1/2

[Event "Valoz Cup GMA"]
[Site "Olomouc CZE"]
[Date "2005.08.05"]
[Round "4"]
[White "Stopa,Ja"]
[Black "Neuman,P"]
[Result "1/2-1/2"]
[WhiteElo "2460"]
[BlackElo "2428"]

1.e4 c5 2.Nf3 d6 3.d4 cxd4 4.Nxd4 Nf6 5.Nc3 Nc6 6.Bg5 Bd7 7.Qd2 Rc8 8.O-O-O Nxd4
9.Qxd4 Qa5 10.Bxf6 gxf6 11.Kb1 Rg8 12.f4 f5 13.e5 e6 14.Qd3 a6 15.exd6 Rc6
16.Qe3 Qb6 17.Qxb6 Rxb6 18.g3 Bg7 19.Rd3 Bc6 20.Rg1 Be4 21.Nxe4 Rxb2+ 22.Kc1 fxe4
23.Rb3 Rxb3 24.axb3 Bd4 25.Rg2 Kd7 26.c4 a5 27.Ra2 b6 28.Be2 Kxd6 29.Kd1 f6
30.Bh5 e5 31.Re2 e3 32.Bf7 Rg7 33.fxe5+ Kxe5 34.Be8 f5 35.Kc2 f4 36.gxf4+ Kxf4
37.Bc6 Rg1 38.Kd3 Rd1+ 39.Kc2 Ra1 40.Kd3 Rd1+ 41.Kc2 Ra1 42.Kd3 Bc5 43.Kc2 h5
44.Kd3 Rd1+ 45.Kc2 Ra1 46.Kd3 h4 47.Kc2 h3 48.Bd5 Ke5 49.Kc3 a4 50.bxa4 Rxa4
51.Bf3 Ra3+ 52.Kb2 Kd4 53.Bg4 Rc3 54.Bxh3 Ba3+ 55.Ka2 Bc5 56.Bf5 Rc1 57.Kb2 Rxc4
58.Rg2 Ke5  1/2-1/2

[Event "Ave-Kontakt Cup IMB"]
[Site "Olomouc CZE"]
[Date "2005.08.09"]
[Round "9"]
[White "Kanovsky,D"]
[Black "Kraemer,Mar"]
[Result "1/2-1/2"]
[WhiteElo "2328"]
[BlackElo "2377"]

1.e4 c5 2.Nf3 Nc6 3.d4 cxd4 4.Nxd4 Nf6 5.Nc3 d6 6.Bg5 e6 7.Qd2 a6 8.O-O-O Bd7
9.f3 Rc8 10.Kb1 b5 11.Nxc6 Bxc6 12.a3 Be7 13.Bxf6 Bxf6 14.Qxd6 Qb6 15.Nd5 exd5
16.exd5 Qd8 17.Re1+ Be7 18.Qxd8+ Kxd8 19.dxc6 Rxc6 20.Bd3 h5 21.Re4 Bd6 22.h3 Re8
23.Rhe1 Rxe4 24.Rxe4 Kd7 25.c3 Rb6 26.Kc2 Rb8 27.b4 f5 28.Re2 g6 29.Kb3 h4
30.a4 Bc7 31.c4 bxc4+ 32.Bxc4 Bd6 33.b5 Re8 34.Rxe8 Kxe8 35.bxa6 Bc5 36.Be6 Kd8
37.Kc4 Bf2 38.Kd5 Kc7 39.f4 Bg3 40.Bf7 Bxf4 41.Bxg6  1/2-1/2

[Event "ch-POR"]
[Site "Vila Real POR"]
[Date "2005.08.09"]
[Round "7"]
[White "Damaso,R"]
[Black "Fernando,D"]
[Result "1-0"]
[WhiteElo "2432"]
[BlackElo "2440"]

1.e4 c5 2.Nf3 d6 3.d4 Nf6 4.Nc3 cxd4 5.Nxd4 Nc6 6.Bg5 e6 7.Qd2 Be7 8.O-O-O a6
9.f4 Nxd4 10.Qxd4 b5 11.Bxf6 gxf6 12.e5 d5 13.Kb1 Bd7 14.f5 fxe5 15.Qxe5 Bf6
16.Qg3 Qb8 17.fxe6 fxe6 18.Qh3 Qc7 19.Be2 O-O-O 20.Rhe1 Bxc3 21.bxc3 e5 22.Qe3 Bf5
23.Bf3 e4 24.Be2 Rhg8 25.Rf1 Bg6 26.Bg4+ Kb8 27.Be6 Rge8 28.Bxd5 Rd6 29.Rd4 Rc8
30.Kb2 Re8 31.Rfd1 Qc5 32.Bf7 Re5 33.Qg3 Bxf7 34.Rxd6 b4 35.Rd8+  1-0

[Event "Stork YM"]
[Site "Hengelo NED"]
[Date "2005.08.12"]
[Round "8"]
[White "Spoelman,W"]
[Black "Koster,R"]
[Result "1/2-1/2"]
[WhiteElo "2365"]
[BlackElo "2335"]

1.e4 c5 2.Nf3 d6 3.d4 cxd4 4.Nxd4 Nf6 5.Nc3 Nc6 6.Bg5 e6 7.Qd2 a6 8.O-O-O h6
9.Be3 Bd7 10.f3 b5 11.Nxc6 Bxc6 12.Bd3 Qc7 13.Kb1 Nd7 14.Ne2 Be7 15.g4 Bb7
16.h4 d5 17.exd5 Bxd5 18.Nf4 Bc6 19.Nh5 g6 20.Ng7+ Kf8 21.Bxh6 Kg8 22.Bxg6 Bf6
23.Nxe6 fxe6 24.g5 Be5 25.Qd3 Bd5 26.Be4 Nc5 27.Bxd5 Nxd3 28.Bxe6+ Kh7 29.Bf5+ Kg8
30.Be6+ Kh7 31.Bf5+  1/2-1/2

[Event "Stork YM"]
[Site "Hengelo NED"]
[Date "2005.08.13"]
[Round "9"]
[White "Michielsen,J"]
[Black "Brandenburg,D"]
[Result "0-1"]
[WhiteElo "2320"]
[BlackElo "2371"]

1.e4 c5 2.Nf3 d6 3.d4 cxd4 4.Nxd4 Nf6 5.Nc3 Nc6 6.Bg5 Qb6 7.Nb3 e6 8.Qd2 Be7
9.O-O-O O-O 10.f3 a6 11.g4 Rd8 12.Be3 Qc7 13.g5 Nd7 14.Qf2 Nce5 15.Rg1 b5
16.f4 b4 17.Ne2 Nc4 18.f5 Nxe3 19.Qxe3 Nc5 20.Nf4 Nxb3+ 21.Qxb3 d5 22.Nh5 dxe4
23.Rxd8+ Qxd8 24.Bc4 Qd4 25.Rf1 a5 26.fxe6 a4 27.exf7+ Kf8 28.Nf6 gxf6 29.gxf6 Qxf6
30.Qg3 Qg5+ 31.Qxg5 Bxg5+ 32.Kb1 Ba6  0-1

[Event "14th Open"]
[Site "Kavala GRE"]
[Date "2005.08.13"]
[Round "2"]
[White "Tzintzios,G"]
[Black "Kotronias,V"]
[Result "0-1"]
[WhiteElo "2175"]
[BlackElo "2587"]

1.e4 c5 2.Nf3 Nc6 3.d4 cxd4 4.Nxd4 Nf6 5.Nc3 d6 6.Bg5 e6 7.Qd2 a6 8.O-O-O Bd7
9.f3 b5 10.g4 Nxd4 11.Qxd4 Be7 12.Be3 O-O 13.g5 Nh5 14.h4 Ng3 15.Rg1 Nxf1
16.Rdxf1 Rc8 17.Kb1 Qa5 18.h5 Rc4 19.Qd3 Rfc8 20.Bd4 b4 21.g6 fxg6 22.hxg6 h6
23.Nd1 Rxc2 24.Ne3 Ba4 25.f4 Bh4 26.e5 dxe5 27.Bxe5 R2c6 28.Qd4 Qc5 29.Bxg7 Bb5
30.Rd1 Be2 31.Ng4 Qc2+ 32.Ka1 Qc1+  0-1

[Event "14th Open"]
[Site "Kavala GRE"]
[Date "2005.08.14"]
[Round "4"]
[White "Aroshidze,L"]
[Black "Kotronias,V"]
[Result "1-0"]
[WhiteElo "2463"]
[BlackElo "2587"]

1.e4 c5 2.Nf3 Nc6 3.d4 cxd4 4.Nxd4 Nf6 5.Nc3 d6 6.Bg5 e6 7.Qd2 a6 8.O-O-O Bd7
9.f4 b5 10.Bxf6 gxf6 11.Nxc6 Bxc6 12.Qe3 Qe7 13.Bd3 b4 14.Nb1 Qa7 15.Qe2 h5
16.Nd2 h4 17.Kb1 Rg8 18.Nf3 Bh6 19.g3 hxg3 20.hxg3 Bf8 21.g4 Qb6 22.f5 e5
23.Bc4 Ra7 24.g5 fxg5 25.Nh2 Rh8 26.Ng4 Rxh1 27.Rxh1 Kd8 28.f6 Qd4 29.Nf2 Kc7
30.Rd1 Qc5 31.Bxf7 Kb6 32.Bd5 Bb5 33.Nd3 Bxd3 34.Qxd3 Rh7 35.Qg3 a5 36.Qxg5 Rh2
37.Bb3 Qd4 38.Qg1 Qxg1 39.Rxg1 Rf2 40.f7 Rf4 41.Bd5 a4 42.a3 bxa3 43.bxa3 Kc5
44.Rg8 Bh6 45.Rh8 Bg7 46.Rb8 Rf1+ 47.Ka2 Rf2 48.Kb2 Bh6 49.Rb4 Bc1+ 50.Kb1 Be3
51.Rxa4 Rf1+ 52.Ka2 Rf2 53.Rc4+ Kb5 54.Rc8 Bh6 55.Kb3 Rf3+ 56.Kb2 Ka5 57.Ra8+ Kb5
58.a4+ Kc5 59.Rb8  1-0

[Event "Masters"]
[Site "Abu Dhabi UAE"]
[Date "2005.08.17"]
[Round "4"]
[White "Kobalia,M"]
[Black "Chernyshov,K"]
[Result "1-0"]
[WhiteElo "2614"]
[BlackElo "2548"]

1.e4 c5 2.Nf3 Nc6 3.d4 cxd4 4.Nxd4 Nf6 5.Nc3 d6 6.Bg5 e6 7.Qd2 a6 8.O-O-O h6
9.Be3 Bd7 10.f4 Nxd4 11.Bxd4 Bc6 12.Bd3 Be7 13.Kb1 b5 14.Rhe1 b4 15.Bxf6 gxf6
16.Ne2 Qb6 17.f5 e5 18.Ng3 Qc5 19.Qe2 a5 20.Bc4 a4 21.b3 Ra5 22.Qh5 Rh7 23.Qg4 Kf8
24.Nh5 Bb5 25.Rd5 Qb6 26.Bxb5 Rxb5 27.Rd3 a3 28.Red1 Qf2 29.Rg3 Ke8 30.Qg8+ Kd7
31.Rgd3 Rc5 32.Nxf6+ Kc7 33.Nd5+ Kb7 34.R3d2 Rxd5 35.Rxd5  1-0

[Event "ch-AUT Qualifier"]
[Site "Gmunden AUT"]
[Date "2005.08.19"]
[Round "7"]
[White "Balinov,I"]
[Black "Titz,Hei"]
[Result "1-0"]
[WhiteElo "2388"]
[BlackElo "2184"]

1.e4 c5 2.Nf3 Nc6 3.d4 cxd4 4.Nxd4 Nf6 5.Nc3 d6 6.Bg5 e6 7.Qd2 Be7 8.O-O-O O-O
9.Nb3 d5 10.Bxf6 Bxf6 11.exd5 Bxc3 12.Qxc3 exd5 13.Bb5 Qd6 14.Qg3 Rd8 15.Rhe1 Qf8
16.Re3 a6 17.Bxc6 bxc6 18.Rc3 Bd7 19.Nc5 Be8 20.Qe3 a5 21.Qd4 Rab8 22.Rb3 Rxb3
23.axb3 Rb8 24.Re1 Qd6 25.Nb7 Qxh2 26.g3 Ra8 27.Qa7 Qh1 28.Qe3 Qh6 29.Qxh6 gxh6
30.Nc5 Kf8 31.Rh1 Kg7 32.Kd2 Rb8 33.Kd3 f6 34.Ra1 Bg6+ 35.Kd2 Rb5 36.Ne6+ Kf7
37.Nd8+ Ke7 38.Nxc6+ Kd6 39.Nxa5 h5 40.c3 Be4 41.Ke3 Rb8 42.b4 f5 43.Nb3 Rf8
44.Kf4 h4 45.gxh4 Rg8 46.f3 Bd3 47.Nd4 Rg2 48.Ke3  1-0

[Event "Independence Cup A"]
[Site "Kiev UKR"]
[Date "2005.08.19"]
[Round "8"]
[White "Pavlov,S2"]
[Black "Shishkin,Va UKR"]
[Result "0-1"]
[WhiteElo "2459"]
[BlackElo "2507"]

1.e4 c5 2.Nf3 Nc6 3.d4 cxd4 4.Nxd4 Nf6 5.Nc3 d6 6.Bg5 e6 7.Qd2 a6 8.O-O-O Nxd4
9.Qxd4 Be7 10.f4 b5 11.Bxf6 gxf6 12.f5 Qc7 13.Be2 Qc5 14.fxe6 fxe6 15.Qxc5 dxc5
16.Bh5+ Kf8 17.e5 f5 18.g4 Ra7 19.gxf5 exf5 20.Nd5 Kg7 21.Rhg1+ Kh6 22.Rd3 Bg5+
23.Kb1 f4 24.Bg4 Bxg4 25.Rxg4 c4 26.Rd1 Rd8 27.e6 Rd6 28.a4 f3 29.h4 Bd8
30.Rf4 Rxe6 31.Rxf3 Rd7 32.axb5 axb5 33.Rf5 Bxh4 34.Rg1 Re1+ 35.Rxe1 Bxe1
36.Ne3 Rb7 37.c3 Kg6 38.Rf1 Bh4 39.Nd5 Bg5 40.b3 h5 41.bxc4 bxc4+ 42.Kc2 h4
43.Rf3 Rf7 44.Rh3 Rf2+ 45.Kb1 Kf5 46.Rh1 Rg2 47.Nb6 Kg4 48.Nxc4 Bf4 49.Nb2 h3
50.Nd3 h2  0-1

[Event "Masters"]
[Site "Abu Dhabi UAE"]
[Date "2005.08.20"]
[Round "6"]
[White "Kurnosov,I"]
[Black "Gupta,Ab"]
[Result "0-1"]
[WhiteElo "2549"]
[BlackElo "2380"]

1.e4 c5 2.Nf3 d6 3.d4 cxd4 4.Nxd4 Nf6 5.Nc3 Nc6 6.Bg5 e6 7.Qd2 Be7 8.O-O-O Nxd4
9.Qxd4 O-O 10.f4 Qa5 11.Bc4 Bd7 12.e5 dxe5 13.fxe5 Bc6 14.Bd2 Nd7 15.Nd5 Qd8
16.Nxe7+ Qxe7 17.Rhe1 Rfd8 18.Qg4 Nf8 19.Bd3 Rd5 20.Bb4 Qd8 21.Bd6 Ng6 22.Kb1 f5
23.Qb4 Qh4 24.Bc4 Rxd1+ 25.Rxd1 Re8 26.Qb3 Kf7 27.Rf1 Qe4 28.Bd3 Qxg2 29.Rxf5+ Kg8
30.Rf1 Qxh2 31.Bc4 Nf4 32.Qe3 g5 33.Qxa7 Rc8 34.b3 Be4 35.Rf2 Qg1+ 36.Kb2 Bf5
37.Bc5 Qe1 38.Bd4 Qe4 39.Rd2 g4 40.Bc3 g3 41.Qb6 Kg7 42.Qd6 g2 43.Qe7+ Kg6
44.Bd4 Kh5 45.Qf7+ Bg6 46.Qf6 Qf5 47.Qe7 Qg5 48.Qxb7 Rd8 49.Qf3+ Qg4 50.Qf2 g1=Q
51.Qxg1 Qxg1 52.Bxg1 Rxd2 53.a4 Rxc2+ 54.Ka3 Bd3 55.Kb4 Bxc4 56.bxc4 Rb2+
57.Kc5 Kg4 58.a5 Ra2 59.Kb6 Nd3 60.a6 Nxe5 61.c5 h5 62.a7 Nd7+ 63.Kb7 Nxc5+
64.Bxc5 e5 65.a8=Q Rxa8 66.Kxa8 h4 67.Kb7 h3 68.Bg1 Kg3 69.Kc6 Kg2  0-1

[Event "8th Open"]
[Site "Banyoles ESP"]
[Date "2005.08.20"]
[Round "4"]
[White "Fluvia Poyatos,J"]
[Black "Slaby,J"]
[Result "1/2-1/2"]
[WhiteElo "2458"]
[BlackElo "2432"]

1.e4 c5 2.Nf3 d6 3.d4 cxd4 4.Nxd4 Nf6 5.Nc3 Nc6 6.Bg5 e6 7.Qd2 Be7 8.O-O-O O-O
9.f4 Nxd4 10.Qxd4 Qa5 11.e5 dxe5 12.Qxe5 Qxe5 13.fxe5 Nd5 14.Bxe7 Nxe7 15.Bc4 b6
16.Rhe1 Ng6 17.Bd3 Bb7 18.Bxg6 hxg6 19.g3 Bc6 20.Ne4 Bxe4 21.Rxe4 Rfc8 22.Rd7 g5
23.Kd2 b5 24.Kd3 a5 25.b3 b4 26.c4 bxc3 27.Rc4 Rd8 28.Rxd8+ Rxd8+ 29.Kxc3 Rd5
30.Re4 Kf8 31.a3 Ke7 32.b4 axb4+ 33.axb4 f5 34.exf6+ gxf6 35.Kc4 f5 36.Rd4 Re5
37.Rd2 Re1 38.b5 f4 39.gxf4 gxf4 40.Rb2 Kd7 41.b6 Kc8 42.Rf2 e5 43.Kd5 Kb7
44.h4  1/2-1/2

[Event "41st Rubinstein Mem Open A"]
[Site "Polanica Zdroj POL"]
[Date "2005.08.20"]
[Round "2"]
[White "Kislov,M"]
[Black "Czarnota,P"]
[Result "0-1"]
[WhiteElo "2351"]
[BlackElo "2461"]

1.e4 c5 2.Nf3 Nc6 3.d4 cxd4 4.Nxd4 Nf6 5.Nc3 d6 6.Bg5 e6 7.Qd2 a6 8.Nb3 b5
9.f3 Bd7 10.a4 b4 11.Ne2 Be7 12.Ng3 O-O 13.a5 h6 14.Be3 d5 15.Be2 Qb8 16.O-O Bd6
17.f4 dxe4 18.Rad1 Nd5 19.Nxe4 Bc7 20.Nec5 Bc8 21.Bc4 Nxe3 22.Qxe3 Nxa5 23.Nxa5 Bxa5
24.Na4 Qc7 25.b3 Bd7 26.Qe2 Rfc8 27.Nb2 Bb5 28.f5 Qc5+ 29.Kh1 exf5 30.Qf3 g6
31.Rd5 Qf8 32.Qd3 Bxc4 33.Nxc4 Bc7 34.g4 fxg4 35.Ne3 h5 36.Rf6 Qg7 37.Rxa6 Rxa6
38.Qxa6 Re8 39.Rd3 Qe5  0-1

[Event "41st Rubinstein Mem Open A"]
[Site "Polanica Zdroj POL"]
[Date "2005.08.20"]
[Round "2"]
[White "Zawadzki,S"]
[Black "Bielczyk,J"]
[Result "1/2-1/2"]
[WhiteElo "2396"]
[BlackElo "2346"]

1.e4 c5 2.Nf3 Nc6 3.d4 cxd4 4.Nxd4 Nf6 5.Nc3 d6 6.Bg5 e6 7.Qd2 a6 8.O-O-O Qb6
9.Nb3 Qc7 10.Kb1 Bd7 11.f3 Be7 12.h4 h5 13.Bd3 Ne5 14.Rhe1 b5 15.Qf2 b4 16.Ne2 a5
17.Qg3 Rc8 18.Rc1 Qb6 19.f4 Neg4 20.Nd2 Qf2  1/2-1/2

[Event "41st Rubinstein Mem Open A"]
[Site "Polanica Zdroj POL"]
[Date "2005.08.21"]
[Round "3"]
[White "Bindrich,O"]
[Black "Czarnota,D"]
[Result "1/2-1/2"]
[WhiteElo "2148"]
[BlackElo "2238"]

1.e4 c5 2.Nf3 d6 3.d4 Nf6 4.Nc3 cxd4 5.Nxd4 Nc6 6.Bg5 Bd7 7.Nb3 a6 8.Be2 b5
9.Qd2 e6 10.a3 Be7 11.h4 Qc7 12.h5 h6 13.Be3 Ne5 14.f3 Nc4 15.Bxc4 Qxc4 16.g4 Rc8
17.Kf2 Nh7 18.Rad1 O-O 19.Qd4 Qc7 20.Nc5 dxc5 21.Qxd7 b4 22.Qxc7 Rxc7 23.Na4 Nf6
24.Bf4 Rc6 25.Rd2 Rd8 26.Rxd8+ Bxd8 27.Rd1 Be7 28.c4 bxc3 29.Nxc3 Rb6 30.Na4 Rb3
31.Bd6 Kf8 32.Ke2 Ke8 33.Rd2 Rb5 34.Ke3 Rb3+ 35.Ke2 Rb5 36.Ke3 Rb3+ 37.Ke2 Rb5
38.Ke3  1/2-1/2

[Event "Ada Open"]
[Site "Belgrade SCG"]
[Date "2005.08.22"]
[Round "8"]
[White "Sarenac,D"]
[Black "Maksimovic,Mir"]
[Result "1/2-1/2"]
[WhiteElo "2071"]
[BlackElo "2193"]

1.e4 c5 2.Nf3 d6 3.d4 cxd4 4.Nxd4 Nf6 5.Nc3 Nc6 6.Bg5 e6 7.Qd2 a6 8.O-O-O Bd7
9.f4 b5 10.Nxc6 Bxc6 11.Bd3 Be7 12.e5 dxe5 13.fxe5 Nd5 14.Bxe7 Qxe7 15.Ne4 O-O
16.Kb1 Kh8 17.c3 Rad8 18.Rhf1 Nb4 19.Qe3 Nxd3 20.Rxd3 Rxd3 21.Qxd3 Bxe4 22.Qxe4  1/2-1/2

[Event "Rudenko mem"]
[Site "St Petersburg RUS"]
[Date "2005.08.22"]
[Round "3"]
[White "Guseva,M"]
[Black "Borisova,E"]
[Result "1/2-1/2"]
[WhiteElo "2395"]
[BlackElo "2172"]

1.e4 c5 2.Nf3 Nc6 3.d4 cxd4 4.Nxd4 Nf6 5.Nc3 d6 6.Bg5 e6 7.Qd2 a6 8.O-O-O Be7
9.Bxf6 gxf6 10.f4 Nxd4 11.Qxd4 Qa5 12.Bc4 Rg8 13.Qd3 Bd7 14.Qh3 h5 15.f5 Qe5
16.Qxh5 Rc8 17.Bb3 b5 18.Ne2 a5 19.Ng3 a4 20.fxe6 Qxh5 21.exd7+ Kxd7 22.Nxh5 axb3
23.axb3 f5 24.exf5 Rxg2 25.c3 b4 26.Rd3 bxc3 27.Rxc3 Bg5+ 28.Kb1 Rh8 29.Rh3 Rf2
30.f6 Re8 31.Rg1 Bh6 32.Ng3 Bf4 33.Rh7 Be5 34.Rxf7+ Ke6 35.Re7+ Rxe7 36.fxe7 Kxe7
37.Ka2 Rxb2+ 38.Ka3 Rxh2 39.Nf5+ Ke6 40.Ne3 Re2 41.Nc4 Bd4 42.Rg6+ Kf5 43.Rxd6 Bc5+
44.Ka4 Bxd6 45.Nxd6+ Ke6 46.Nb5 Rb2 47.Kb4 Rxb3+ 48.Kxb3  1/2-1/2

[Event "Rudenko mem"]
[Site "St Petersburg RUS"]
[Date "2005.08.26"]
[Round "7"]
[White "Guseva,M"]
[Black "Sorokina,A RUS"]
[Result "1-0"]
[WhiteElo "2395"]
[BlackElo "2084"]

1.e4 c5 2.Nf3 Nc6 3.d4 cxd4 4.Nxd4 Nf6 5.Nc3 d6 6.Bg5 e6 7.Qd2 a6 8.O-O-O h6
9.Be3 Be7 10.f4 Nxd4 11.Bxd4 b5 12.Be2 Bb7 13.Bf3 Qc8 14.Kb1 O-O 15.e5 dxe5
16.fxe5 Nh7 17.h4 Qc7 18.Qe3 Rfb8 19.Bxb7 Rxb7 20.Ne4 Rc8 21.Rd2 a5 22.g4 a4
23.g5 h5 24.Rg1 Nf8 25.Nd6 Ng6 26.Nxc8 Qxc8 27.Qf3 b4 28.b3 axb3 29.cxb3 Rc7
30.Rf1 Nh8 31.Qxh5 Rc6 32.Qf3 Qc7 33.Rg2 Bf8 34.h5 Qd7 35.Bb2 Rc7 36.h6 Ng6
37.Rh2 gxh6 38.gxh6 Kh7 39.Rc2 Ra7 40.Rg2 Rc7 41.Rxg6  1-0